[Event "Berlin Lichtenberger op 11th"]
[Site "Berlin"]
[Date "2012.08.20"]
[Round "3"]
[White "Lang, Martin"]
[Black "Engers, Felix"]
[Result "1-0"]
[WhiteElo "1909"]
[BlackElo "1767"]
[PlyCount "45"]
[EventDate "2012.08.18"]
[EventType "swiss"]
[EventRounds "9"]
[EventCountry "GER"]
[SourceTitle "CBM 150 Extra"]
[Source "ChessBase"]
[SourceDate "2012.10.19"]
[SourceVersion "1"]
[SourceVersionDate "2012.10.19"]
[SourceQuality "1"]

1. e4 c5 2. Nf3 d6 3. Bb5+ Bd7 4. Bxd7+ Qxd7 5. d4 cxd4 6. Nxd4 Nf6 7. Nc3 g6 8. 0-0 Bg7 9. Be3 0-0 10. Qd2 Rd8 11. f4 Ng4 12. f5 Nxe3 13. Qxe3 Nc6 14. Nce2 Rac8 15. c3 d5 16. Nxc6 Rxc6 17. Rad1 Rd6 18. e5 Rb6 19. Nd4 Rxb2 20. e6 Bxd4 21. Rxd4 fxe6 22. fxg6 Qd6 23. Qh6 1-0

[Event "Berlin-ch qualification"]
[Site "Berlin-Lichtenrade"]
[Date "2011.04.28"]
[Round "6.15"]
[White "Lang, Martin"]
[Black "Koischwitz, Wanja"]
[Result "0-1"]
[WhiteElo "1937"]
[BlackElo "1792"]
[PlyCount "93"]
[EventDate "2011.04.23"]
[EventType "swiss"]
[EventRounds "9"]
[EventCountry "GER"]
[SourceTitle "EXT 2022"]
[Source "ChessBase"]
[SourceDate "2021.10.06"]
[SourceVersion "1"]
[SourceVersionDate "2021.10.06"]
[SourceQuality "1"]

1. e4 Nf6 2. e5 Nd5 3. d4 d6 4. exd6 cxd6 5. c4 Nb6 6. Be3 Nc6 7. Nc3 Bf5 8. Bd3 Bxd3 9. Qxd3 e6 10. Nf3 Be7 11. 0-0 0-0 12. b3 d5 13. c5 Nc8 14. Bf4 Bf6 15. Ne5 N8e7 16. Nb5 Bxe5 17. Bxe5 Nxe5 18. dxe5 Nc6 19. Qc3 Qb8 20. Nd6 b6 21. Rfe1 a5 22. Rad1 bxc5 23. Qxc5 Nb4 24. a3 Na6 25. Qe3 Nc7 26. Rd4 Nb5 27. Nxb5 Qxb5 28. Qg5 Qxb3 29. Rg4 g6 30. Rg3 Qb7 31. h4 Rae8 32. h5 Qe7 33. Qh6 Qb7 34. Kh2 Qe7 35. Kh3 Rc8 36. Ree3 Rc4 37. Rg5 d4 38. Reg3 Rc3 39. f3 d3 40. hxg6 fxg6 41. Rxg6+ hxg6 42. Qxg6+ Kh8 43. Kh2 Rc4 44. Qxd3 Rh4+ 45. Rh3 Rxh3+ 46. gxh3 Qg5 47. Qe4 0-1

[Event "Berlin Lichtenberger op 9th"]
[Site "Berlin"]
[Date "2010.08.14"]
[Round "8"]
[White "Weyers, Guido"]
[Black "Lang, Martin"]
[Result "0-1"]
[WhiteElo "1985"]
[BlackElo "1945"]
[PlyCount "129"]
[EventDate "2010.08.07"]
[EventType "swiss"]
[EventRounds "9"]
[EventCountry "GER"]
[SourceTitle "CBM 137 Extra"]
[Source "ChessBase"]
[SourceDate "2010.09.01"]
[SourceVersion "1"]
[SourceVersionDate "2010.09.01"]
[SourceQuality "1"]

1. c4 Nf6 2. g3 c5 3. Bg2 Nc6 4. Nc3 g6 5. e3 Bg7 6. Nge2 0-0 7. 0-0 d6 8. b3 Bg4 9. h3 Bd7 10. Bb2 Qc8 11. Kh2 e5 12. d4 Ne7 13. Rc1 Bc6 14. d5 Bd7 15. e4 Ne8 16. Rc2 f5 17. Bc1 Nf6 18. Qd3 fxe4 19. Nxe4 Nxe4 20. Bxe4 Bxh3 21. Bg2 Bxg2 22. Kxg2 Qf5 23. Qxf5 Rxf5 24. Nc3 Raf8 25. Ne4 Nc8 26. Rh1 h5 27. Be3 Rd8 28. a3 Bf8 29. b4 b6 30. bxc5 dxc5 31. Bg5 Be7 32. Bxe7 Nxe7 33. Rd2 Kg7 34. Rhd1 Ng8 35. Nc3 Nf6 36. Nb5 Rd7 37. Nc3 h4 38. Re2 hxg3 39. fxg3 Rg5 40. Rde1 Rg4 41. Ne4 Nxe4 42. Rxe4 Rxe4 43. Rxe4 Kf6 44. Kf3 Rb7 45. Re1 a6 46. Ke4 b5 47. Rf1+ Ke7 48. Kxe5 bxc4 49. d6+ Ke8 50. Ke6 c3 51. Rh1 Kf8 52. Rh8+ Kg7 53. Rc8 Rb1 54. Rxc5 Re1+ 55. Kd7 Re3 56. g4 Kf6 57. g5+ Kf7 58. Rc7 Rd3 59. Kc8+ Ke6 60. d7 Ke5 61. d8Q Rxd8+ 62. Kxd8 Kd4 63. Ke7 Kd3 64. Kf6 c2 65. Kxg6 0-1

[Event "Berlin Lichtenberger op 9th"]
[Site "Berlin"]
[Date "2010.08.13"]
[Round "7"]
[White "Lang, Martin"]
[Black "Jaeger, Andre"]
[Result "1-0"]
[WhiteElo "1945"]
[BlackElo "2051"]
[PlyCount "79"]
[EventDate "2010.08.07"]
[EventType "swiss"]
[EventRounds "9"]
[EventCountry "GER"]
[SourceTitle "CBM 137 Extra"]
[Source "ChessBase"]
[SourceDate "2010.09.01"]
[SourceVersion "1"]
[SourceVersionDate "2010.09.01"]
[SourceQuality "1"]

1. e4 c5 2. Nf3 Nc6 3. d4 cxd4 4. Nxd4 Nf6 5. Nc3 e5 6. Ndb5 d6 7. Bg5 a6 8. Na3 Be6 9. Bxf6 gxf6 10. Bc4 Rc8 11. Bxe6 fxe6 12. 0-0 b5 13. Qh5+ Ke7 14. Ne2 Qe8 15. Qf3 Qg6 16. c4 bxc4 17. Rac1 Bh6 18. Rxc4 Nd4 19. Nxd4 Rxc4 20. Nxc4 exd4 21. Re1 Rc8 22. Qb3 Rc7 23. Qb4 Bf4 24. g3 Qg5 25. b3 Qb5 26. Qa3 Qg5 27. Qxa6 d3 28. Rd1 d2 29. Qb6 d5 30. Nxd2 Rc2 31. exd5 Bxd2 32. Qxe6+ Kf8 33. d6 Qe5 34. Qd7 Qe2 35. Rf1 h6 36. Qf5 Bb4 37. Qxf6+ Ke8 38. Qxh6 Kd7 39. Qg7+ Kxd6 40. Qd4+ 1-0

[Event "Berlin Lichtenberger op 9th"]
[Site "Berlin"]
[Date "2010.08.09"]
[Round "3"]
[White "Lang, Martin"]
[Black "Krefenstein, Sergej"]
[Result "0-1"]
[WhiteElo "1945"]
[BlackElo "2045"]
[PlyCount "112"]
[EventDate "2010.08.07"]
[EventType "swiss"]
[EventRounds "9"]
[EventCountry "GER"]
[SourceTitle "CBM 137 Extra"]
[Source "ChessBase"]
[SourceDate "2010.09.01"]
[SourceVersion "1"]
[SourceVersionDate "2010.09.01"]
[SourceQuality "1"]

1. e4 e6 2. d4 d5 3. e5 c5 4. c3 Nc6 5. Nf3 Qb6 6. a3 c4 7. Be2 Bd7 8. 0-0 Na5 9. Nbd2 Be7 10. Re1 Nh6 11. Qc2 0-0-0 12. Bd1 Nf5 13. a4 h5 14. b4 cxb3 15. Nxb3 Nxb3 16. Qxb3 Qxb3 17. Bxb3 Kb8 18. Ba3 Bxa3 19. Rxa3 Rc8 20. Bc2 Rc4 21. Bxf5 exf5 22. a5 Rhc8 23. Rc1 f4 24. h3 Bf5 25. Rb3 Be4 26. Ng5 Bg6 27. Rb5 Rxd4 28. Nxf7 Rc7 29. Nd6 Rd2 30. Re1 Re7 31. Rc5 Rc7 32. Rb5 d4 33. cxd4 Rxd4 34. Rb2 Rd5 35. a6 b6 36. Rb4 Re7 37. Rxf4 Rxd6 38. Rf8+ Be8 39. f4 Rc6 40. f5 Kc7 41. e6 Rc2 42. g4 Bc6 43. Rd1 Be8 44. g5 b5 45. g6 Kc8 46. Rf7 Rcc7 47. Rxe7 Rxe7 48. Re1 Kc7 49. Kf2 Kd6 50. Rg1 Ke5 51. Rg5 b4 52. Rxh5 Bc6 53. Ke3 Re8 54. Rh7 Kf6 55. Kd2 Be4 56. Rh4 Kxf5 0-1

[Event "Berlin qualification op"]
[Site "Berlin"]
[Date "2010.04.08"]
[Round "6"]
[White "Costello, Colin"]
[Black "Lang, Martin"]
[Result "0-1"]
[WhiteElo "2047"]
[BlackElo "1934"]
[PlyCount "70"]
[EventDate "2010.04.03"]
[EventType "swiss"]
[EventRounds "9"]
[EventCountry "GER"]
[SourceTitle "EXT 2012"]
[Source "ChessBase"]
[SourceDate "2011.11.24"]
[SourceVersion "1"]
[SourceVersionDate "2011.11.24"]
[SourceQuality "1"]

1. c4 e5 2. g3 Nf6 3. Bg2 d5 4. cxd5 Nxd5 5. Nc3 Be6 6. Nf3 Nc6 7. 0-0 Be7 8. d4 Nxc3 9. bxc3 e4 10. Nd2 f5 11. e3 Na5 12. f3 exf3 13. Bxf3 0-0 14. Qe2 c6 15. Re1 Bd5 16. e4 fxe4 17. Bxe4 Bf6 18. Ba3 Re8 19. Qd3 h6 20. Bh7+ Kh8 21. Bg6 Rxe1+ 22. Rxe1 Qg8 23. Ne4 Qe6 24. Bb4 Bxd4+ 25. Qxd4 Qxg6 26. Nd6 Rf8 27. c4 Nxc4 28. Nxc4 Rf3 29. Bd6 Qc2 30. Nd2 Rd3 31. Qf4 Rxd2 32. Qf8+ Kh7 33. g4 Rg2+ 34. Kf1 Rg1+ 35. Kxg1 Qg2# 0-1

[Event "Berlin Hellersdorf op"]
[Site "Berlin"]
[Date "2010.01.10"]
[Round "5"]
[White "Poeltelt, Helmut"]
[Black "Lang, Martin"]
[Result "1/2-1/2"]
[WhiteElo "1504"]
[BlackElo "1804"]
[PlyCount "95"]
[EventDate "2010.01.08"]
[EventType "swiss"]
[EventRounds "5"]
[EventCountry "GER"]
[SourceTitle "EXT 2012"]
[Source "ChessBase"]
[SourceDate "2011.11.24"]
[SourceVersion "1"]
[SourceVersionDate "2011.11.24"]
[SourceQuality "1"]

1. e4 e5 2. Nf3 Nc6 3. Bb5 a6 4. Ba4 Nf6 5. 0-0 Be7 6. Re1 b5 7. Bb3 d6 8. c3 Na5 9. Bc2 c5 10. d4 Qc7 11. dxe5 dxe5 12. b3 0-0 13. Nbd2 Rd8 14. Qe2 c4 15. b4 Nb7 16. a4 Bg4 17. a5 Rd7 18. Nf1 Rad8 19. h3 Bh5 20. Be3 Qb8 21. Bb6 Re8 22. Rad1 Bd8 23. Rxd7 Nxd7 24. Be3 Nf6 25. g4 Bg6 26. Ng3 Nd6 27. Bc1 Bc7 28. Nh2 Nd7 29. h4 f6 30. h5 Bf7 31. g5 fxg5 32. Bxg5 Nc8 33. Nf5 Nf8 34. h6 Ne6 35. Be3 g6 36. Qg4 Kh8 37. Nh4 Bd8 38. Ng2 Ne7 39. Nf3 Ng8 40. Qg3 Bf6 41. Rd1 Rd8 42. Rxd8 Nxd8 43. Bg5 Nc6 44. Bxf6+ Nxf6 45. Ng5 Kg8 46. Qf3 Qd6 47. Nxf7 Kxf7 48. Qe2 1/2-1/2

[Event "Berlin Hellersdorf op"]
[Site "Berlin"]
[Date "2010.01.08"]
[Round "1"]
[White "Jahnz, Fabian"]
[Black "Lang, Martin"]
[Result "1-0"]
[WhiteElo "2173"]
[BlackElo "1804"]
[PlyCount "33"]
[EventDate "2010.01.08"]
[EventType "swiss"]
[EventRounds "5"]
[EventCountry "GER"]
[SourceTitle "EXT 2012"]
[Source "ChessBase"]
[SourceDate "2011.11.24"]
[SourceVersion "1"]
[SourceVersionDate "2011.11.24"]
[SourceQuality "1"]

1. e4 e5 2. Nf3 Nc6 3. Bc4 Bc5 4. c3 Nf6 5. d3 0-0 6. 0-0 d6 7. Bb3 Bg4 8. h3 Bh5 9. Re1 h6 10. Nbd2 Qe7 11. Nf1 Rae8 12. Ng3 Bg6 13. Nh4 Bh7 14. Ngf5 Qd7 15. Qf3 Bxf5 16. Nxf5 Nh7 17. Qg4 1-0

[Event "Erbendorf op"]
[Site "Erbendorf"]
[Date "2009.06.12"]
[Round "4"]
[White "Lang, Martin"]
[Black "Kanewski, Josef"]
[Result "1-0"]
[WhiteElo "1959"]
[BlackElo "2080"]
[PlyCount "63"]
[EventDate "2009.06.11"]
[EventType "swiss"]
[EventRounds "7"]
[EventCountry "GER"]
[SourceTitle "CBM 130 Extra"]
[Source "ChessBase"]
[SourceDate "2009.07.02"]
[SourceVersion "2"]
[SourceVersionDate "2009.07.15"]
[SourceQuality "1"]

1. d4 f5 2. c4 Nf6 3. Nc3 g6 4. Nf3 Bg7 5. g3 d6 6. Bg2 0-0 7. 0-0 Nc6 8. d5 Na5 9. Qd3 c5 10. Bg5 a6 11. Rae1 Rb8 12. Nd2 b5 13. b3 bxc4 14. bxc4 h6 15. Bxf6 Bxf6 16. f4 Bd7 17. e4 Bd4+ 18. Kh1 Rb4 19. e5 Qb6 20. g4 Kh7 21. gxf5 Bxf5 22. Be4 dxe5 23. fxe5 Bxc3 24. Qxc3 e6 25. Bxf5 gxf5 26. Rg1 Qd8 27. a3 Rb8 28. Qd3 Qd7 29. Re3 Rg8 30. Reg3 Rbd8 31. Qe3 Nxc4 32. Qxh6+ 1-0

[Event "Erbendorf op"]
[Site "Erbendorf"]
[Date "2009.06.11"]
[Round "2"]
[White "Lang, Martin"]
[Black "Wutz, Christoph"]
[Result "1/2-1/2"]
[WhiteElo "1959"]
[BlackElo "2202"]
[PlyCount "53"]
[EventDate "2009.06.11"]
[EventType "swiss"]
[EventRounds "7"]
[EventCountry "GER"]
[SourceTitle "CBM 130 Extra"]
[Source "ChessBase"]
[SourceDate "2009.07.02"]
[SourceVersion "2"]
[SourceVersionDate "2009.07.15"]
[SourceQuality "1"]

1. d4 f5 2. c4 Nf6 3. Nc3 d6 4. Nf3 g6 5. g3 Bg7 6. Bg2 0-0 7. 0-0 Qe8 8. Bg5 c6 9. d5 c5 10. Qd2 Nbd7 11. Rae1 Ng4 12. e4 h6 13. Be3 Nde5 14. Nxe5 Nxe5 15. b3 Kh7 16. f4 Ng4 17. e5 dxe5 18. fxe5 Nxe5 19. Bxc5 Qf7 20. Nb5 Bd7 21. Nxa7 Qf6 22. Qe3 Rfe8 23. Kh1 Ng4 24. Qg1 Ne5 25. Bd4 Qd6 26. c5 Qc7 27. c6 1/2-1/2

[Event "Berlin Lichtenrade op 04th"]
[Site "Berlin"]
[Date "2008.10.19"]
[Round "2"]
[White "Meister, Jakob"]
[Black "Lang, Martin"]
[Result "1-0"]
[WhiteElo "2481"]
[BlackElo "1994"]
[PlyCount "155"]
[EventDate "2008.10.18"]
[EventType "swiss"]
[EventRounds "9"]
[EventCountry "GER"]
[SourceTitle "CBM 126 Extra"]
[Source "ChessBase"]
[SourceDate "2008.11.05"]
[SourceVersion "1"]
[SourceVersionDate "2008.11.05"]
[SourceQuality "1"]

1. e4 e5 2. Nf3 Nc6 3. Nc3 Nf6 4. Bb5 Nd4 5. Bc4 Nxf3+ 6. Qxf3 Bb4 7. Ne2 0-0 8. Ng3 d6 9. 0-0 Bc5 10. h3 c6 11. d3 g6 12. Bh6 Re8 13. Bb3 a5 14. c3 Be6 15. Bc2 d5 16. Rfe1 Nd7 17. a3 Qh4 18. Bd2 a4 19. Rad1 Rf8 20. exd5 cxd5 21. Nf1 f5 22. d4 e4 23. Qg3 Qxg3 24. Nxg3 Bd6 25. f4 b5 26. Bb1 Nf6 27. Ne2 Nh5 28. Rf1 Bd7 29. Ba2 Bc6 30. Rf2 Kf7 31. Re1 Kf6 32. Be3 Ke6 33. g4 fxg4 34. hxg4 Nf6 35. Rg2 Rh8 36. Bf2 Rag8 37. Bh4 h5 38. Bxf6 Kxf6 39. Kf2 hxg4 40. Reg1 Rh4 41. Rxg4 Rxg4 42. Rxg4 Rh8 43. Kg2 g5 44. Rxg5 Bxf4 45. Rg4 Rh2+ 46. Kf1 Be3 47. Rg3 Rf2+ 48. Ke1 Rf3 49. Rg2 Bg5 50. Rg1 Bh4+ 51. Kd1 Rd3+ 52. Kc2 Bg5 53. Kb1 Rd2 54. Rf1+ Kg6 55. Nf4+ Bxf4 56. Rxf4 e3 57. Kc1 Rf2 58. Rg4+ Kf5 59. Rg1 Kf4 60. Bb1 Bd7 61. Re1 Rd2 62. Rf1+ Kg3 63. Re1 Kf2 64. Rh1 Bh3 65. Rxh3 Rd1+ 66. Kxd1 e2+ 67. Kc2 e1Q 68. Rh2+ Kg3 69. Rd2 Kf3 70. Ba2 Ke4 71. Rd1 Qe2+ 72. Kc1 Qe3+ 73. Kb1 Qe2 74. Rc1 Qd3+ 75. Ka1 Qe3 76. Rh1 Qf2 77. Rh5 Qe1+ 78. Bb1+ 1-0

[Event "Berlin Kreuzberg op 9th"]
[Site "Berlin"]
[Date "2008.07.22"]
[Round "4"]
[White "Bukowski, Henryk"]
[Black "Lang, Martin"]
[Result "1-0"]
[WhiteElo "2175"]
[BlackElo "2000"]
[PlyCount "69"]
[EventDate "2008.07.19"]
[EventType "swiss"]
[EventRounds "9"]
[EventCountry "GER"]
[SourceTitle "EXT 2019"]
[Source "ChessBase"]
[SourceDate "2018.10.10"]
[SourceVersion "1"]
[SourceVersionDate "2018.10.10"]
[SourceQuality "1"]

1. d4 Nf6 2. Nf3 g6 3. g3 Bg7 4. Bg2 0-0 5. 0-0 d6 6. c4 c6 7. Nc3 Nbd7 8. h3 e5 9. e4 exd4 10. Nxd4 Qc7 11. Re1 Ne5 12. b3 a6 13. Bb2 Re8 14. Rc1 Rb8 15. a3 Qb6 16. Na4 Qc7 17. f4 Ned7 18. Kh2 c5 19. Nf3 Rxe4 20. Qd3 Rxe1 21. Rxe1 b5 22. cxb5 axb5 23. Nc3 c4 24. Qd2 Nc5 25. Nd5 Qd8 26. Bxf6 Bxf6 27. Re8+ Qxe8 28. Nxf6+ Kf8 29. Nxe8 Ne4 30. Qd4 c3 31. Qxe4 Bf5 32. Qd4 Rc8 33. Nxd6 c2 34. Nxc8 c1Q 35. Qh8# 1-0

[Event "Berlin op 08"]
[Site "Berlin"]
[Date "2006.08.19"]
[Round "1"]
[White "Schulz, Volker"]
[Black "Lang, Martin"]
[Result "1-0"]
[WhiteElo "2087"]
[BlackElo "1801"]
[PlyCount "65"]
[EventDate "2006.08.19"]
[EventType "swiss"]
[EventRounds "9"]
[EventCountry "GER"]
[SourceTitle "EXT 2007"]
[Source "ChessBase"]
[SourceDate "2006.11.23"]
[SourceVersion "1"]
[SourceVersionDate "2006.11.23"]
[SourceQuality "1"]

1. c4 c5 2. Nc3 Nf6 3. g3 d5 4. cxd5 Nxd5 5. Bg2 Nc7 6. d3 e5 7. Nf3 Nc6 8. 0-0 Be7 9. b3 0-0 10. Bb2 f5 11. Na4 Bd6 12. Nd2 Bd7 13. Nc4 Qe7 14. Rc1 Ne6 15. Nc3 Nc7 16. a4 Rae8 17. e3 b6 18. Qe2 Qe6 19. Rfe1 Qf6 20. Qd2 Qe6 21. Rcd1 Qf6 22. Ne2 b5 23. axb5 Nxb5 24. f4 Qe6 25. fxe5 Nxe5 26. Nf4 Qe7 27. d4 cxd4 28. exd4 Bb4 29. Rxe5 Bxd2 30. Rxe7 Rxe7 31. Rxd2 Re1+ 32. Kf2 Rfe8 33. Ne5 1-0